000 00387nam a2200145Ia 4500
008 230711s9999||||xx |||||||||||||| ||und||
041 _aENG
082 _a4
_bRO-C
100 _aRoss,C.T.F
245 0 _aComputational methods instructions
250 _a1st
260 _c1982
_aNew Delhi
_bEWP(Affiliated East-West Press Private Limited)
650 _aMechanical Engineering
942 _cBK
999 _c1146
_d1146